| 000 | 00939cam a2200277 a 4500 | ||
|---|---|---|---|
| 001 | 49548 | ||
| 003 | BD-RjUL | ||
| 005 | 20211209054707.0 | ||
| 008 | 160821s2005 ii a 001 0 eng | ||
| 020 | _a81309007769 | ||
| 035 | _a(BD-RjUL) 49667 | ||
| 040 |
_aDLC _cDLC _dDLC _dBD-RjUL _beng |
||
| 041 | _aeng | ||
| 082 | 0 | 0 |
_a320.91724 _223 _bHYM 2005 |
| 100 | 1 |
_aHydén, Göran _d1938- _9148619 |
|
| 245 | 1 | 0 |
_aMaking sense of governance : _bempirical evidence from sixteen developing countries / _cGoran Hyden, Julius Court, and Kenneth Mease. |
| 260 |
_aNew Delhi : _bViva books private Litd, _c2005 |
||
| 300 |
_ax, 262 p. : _bill. _c24 cm. |
||
| 500 | _aIncludes index. | ||
| 650 | 0 |
_aComparative government _xResearch. _9148620 |
|
| 651 | 0 |
_aDeveloping countries _xPolitics and government. _9125480 |
|
| 700 | 1 |
_aCourt, Julius _9148621 |
|
| 700 | 1 |
_aMease, Kenneth _d1951- _9148622 |
|
| 942 |
_2ddc _cBK |
||
| 999 |
_c49548 _d49548 |
||